[Event "FIDE Womens World Cup 2021"]
[Site "Sochi"]
[Date "2021.07.26"]
[Round "5.2"]
[White "Lagno, Kateryna"]
[Black "Tan, Zhongyi"]
[Result "0-1"]
[WhiteElo "2559"]
[BlackElo "2511"]
[Annotator "ChessBase"]
[PlyCount "100"]
[EventDate "2021.07.12"]
[EventType "k.o."]
[EventCountry "RUS"]
[SourceTitle "playchess.com"]
[Source "ChessBase"]
[SourceQuality "1"]
[TimeControl "40/5400+30:1800+30"]

1. e4 {[%emt 0:00:02]} c5 {[%emt 0:00:08]} 2. Nf3 {[%emt 0:00:13]} e6 {[%emt 0:00:05]} 3. g3 {[%emt 0:03:20]} d5 {[%emt 0:01:54]} 4. exd5 {[%emt 0:00:40]} exd5 {[%emt 0:00:20]} 5. d4 {[%emt 0:01:34]} cxd4 {[%emt 0:00:38]} 6. Nxd4 {[%emt 0:01:06]} Nc6 {[%emt 0:09:03]} 7. Bg2 {[%emt 0:00:39]} Bc5 {[%emt 0:04:35]} 8. Nb3 {[%emt 0:01:07]} Qe7+ {[%emt 0:00:53]} 9. Qe2 {[%emt 0:00:52]} Bg4 {[%emt 0:04:17]} 10. Qxe7+ {[%emt 0:00:45]} Bxe7 {[%emt 0:00:04]} 11. c3 {[%emt 0:03:42]} O-O-O {[%emt 0:00:48]} 12. h3 {[%emt 0:06:20]} Be6 {[%emt 0:05:23]} 13. O-O {[%emt 0:05:26]} h5 {[%emt 0:00:48]} 14. N1d2 {[%emt 0:10:15]} g5 {[%emt 0:05:27]} 15. Nf3 {[%emt 0:16:41]} g4 {[%emt 0:00:32]} 16. hxg4 {[%emt 0:00:26]} Bxg4 {[%emt 0:00:04]} 17. Nbd4 {[%emt 0:03:07]} Bf6 {[%emt 0:06:38]} 18. Bf4 {[%emt 0:08:13]} Nge7 {[%emt 0:00:09]} 19. Rfe1 {[%emt 0:06:58]} Ng6 {[%emt 0:04:12]} 20. Bg5 {[%emt 0:00:14]} Bxg5 {[%emt 0:00:31]} 21. Nxg5 {[%emt 0:00:03]} Rd7 {[%emt 0:00:50]} 22. f3 {[%emt 0:10:52]} Nxd4 {[%emt 0:00:06]} 23. cxd4 {[%emt 0:00:06]} Bf5 {[%emt 0:00:03]} 24. Rac1+ {[%emt 0:00:08]} Kb8 {[%emt 0:01:23]} 25. Kf2 {[%emt 0:00:09]} f6 {[%emt 0:01:21]} 26. Bh3 {[%emt 0:01:55]} Ne7 {[%emt 0:04:39]} 27. Bxf5 {[%emt 0:01:02]} Nxf5 {[%emt 0:00:05]} 28. Ne6 {[%emt 0:00:03]} Rg8 {[%emt 0:00:17]} 29. Nf4 {[%emt 0:05:45]} Nxg3 {[%emt 0:02:01]} 30. Rc5 {[%emt 0:01:27]} b6 {[%emt 0:01:37]} 31. Rc6 {[%emt 0:02:59]} h4 {[%emt 0:01:10]} 32. Ree6 {[%emt 0:02:32]} h3 {[%emt 0:02:02]} 33. Nxh3 {[%emt 0:01:11]} Rh7 {[%emt 0:00:23]} 34. Nf4 {[%emt 0:00:25]} Nf5 {[%emt 0:05:39]} 35. Ne2 {[%emt 0:00:29]} Rh2+ {[%emt 0:00:20]} 36. Kf1 {[%emt 0:01:11]} Rgg2 {[%emt 0:01:38]} 37. Re8+ {[%emt 0:01:16]} Kb7 {[%emt 0:00:04]} 38. Rce6 {[%emt 0:00:26]} Nh4 {[%emt 0:01:38]} 39. R6e7+ {[%emt 0:00:54]} Ka6 {[%emt 0:01:46]} 40. Ke1 {[%emt 0:00:11]} Nf5 {[%emt 0:05:32]} 41. Kd1 {[%emt 0:06:35]} Nxe7 {[%emt 0:00:30]} 42. Rxe7 {[%emt 0:00:06]} Kb5 {[%emt 0:01:07]} 43. Re3 {[%emt 0:02:58]} Rxe2 {[%emt 0:01:43]} 44. Rxe2 {[%emt 0:00:04]} Rxe2 {[%emt 0:00:03]} 45. Kxe2 {[%emt 0:00:05]} Kc4 {[%emt 0:00:03]} 46. Ke3 {[%emt 0:00:22]} b5 {[%emt 0:00:15]} 47. Ke2 {[%emt 0:03:45]} Kxd4 {[%emt 0:00:05]} 48. Kd2 {[%emt 0:00:02]} f5 {[%emt 0:00:30]} 49. Ke2 {[%emt 0:00:07]} Ke5 {[%emt 0:00:20]} 50. Ke3 {[%emt 0:00:07]} d4+ {[%emt 0:00:03]} 0-1

[Event "FIDE Womens World Cup 2021"]
[Site "Sochi"]
[Date "2021.07.26"]
[Round "5.2"]
[White "Saduakassova, Dinara"]
[Black "Goryachkina, Aleksandra"]
[Result "0-1"]
[WhiteElo "2483"]
[BlackElo "2596"]
[Annotator "ChessBase"]
[PlyCount "44"]
[EventDate "2021.07.12"]
[EventType "k.o."]
[EventCountry "RUS"]
[SourceTitle "playchess.com"]
[Source "ChessBase"]
[SourceQuality "1"]
[TimeControl "40/5400+30:1800+30"]

1. d4 {[%emt 0:00:10]} d5 {[%emt 0:00:11]} 2. Nf3 {[%emt 0:00:06]} Nf6 {[%emt 0:00:13]} 3. Bf4 {[%emt 0:00:23]} c5 {[%emt 0:01:06]} 4. e3 {[%emt 0:00:17]} Nc6 {[%emt 0:00:14]} 5. Nbd2 {[%emt 0:02:39]} cxd4 {[%emt 0:02:02]} 6. exd4 {[%emt 0:00:20]} Bf5 {[%emt 0:00:43]} 7. Bb5 {[%emt 0:05:42]} e6 {[%emt 0:02:13]} 8. Ne5 {[%emt 0:04:24]} Qb6 {[%emt 0:01:07]} 9. c4 {[%emt 0:01:54]} dxc4 {[%emt 0:01:40]} 10. a4 {[%emt 0:09:43]} Bb4 {[%emt 0:01:05]} 11. O-O {[%emt 0:01:27]} O-O {[%emt 0:04:09]} 12. Bxc6 {[%emt 0:03:24]} bxc6 {[%emt 0:06:18]} 13. Ndxc4 {[%emt 0:00:09]} Qa6 {[%emt 0:01:27]} 14. Ne3 {[%emt 0:05:21]} Nd5 {[%emt 0:06:14]} 15. Bg3 {[%emt 0:12:38]} f6 {[%emt 0:12:59]} 16. Nxf5 {[%emt 0:06:03]} exf5 {[%emt 0:03:30]} 17. Nd3 {[%emt 0:00:28]} Rfe8 {[%emt 0:01:23]} 18. Rc1 {[%emt 0:05:22]} Re4 {[%emt 0:08:55]} 19. Nxb4 {[%emt 0:11:59]} Nxb4 {[%emt 0:00:05]} 20. f3 {[%emt 0:03:24]} Re2 {[%emt 0:03:01]} 21. Qb3+ {[%emt 0:02:14]} Nd5 {[%emt 0:00:36]} 22. Rc2 {[%emt 0:04:07]} Rxc2 {[%emt 0:01:17]} 0-1

[Event "FIDE Womens World Cup 2021"]
[Site "Sochi"]
[Date "2021.07.26"]
[Round "5.2"]
[White "Gunina, Valentina"]
[Black "Kosteniuk, Alexandra"]
[Result "0-1"]
[WhiteElo "2437"]
[BlackElo "2472"]
[Annotator "ChessBase"]
[PlyCount "94"]
[EventDate "2021.07.12"]
[EventType "k.o."]
[EventCountry "RUS"]
[SourceTitle "playchess.com"]
[Source "ChessBase"]
[SourceQuality "1"]
[TimeControl "40/5400+30:1800+30"]

1. e4 {[%emt 0:00:04]} e5 {[%emt 0:00:04]} 2. Nf3 {[%emt 0:00:07]} Nc6 {[%emt 0:00:04]} 3. Bb5 {[%emt 0:00:19]} a6 {[%emt 0:00:09]} 4. Ba4 {[%emt 0:00:14]} Nf6 {[%emt 0:00:10]} 5. O-O {[%emt 0:00:09]} b5 {[%emt 0:00:12]} 6. Bb3 {[%emt 0:00:09]} Bc5 {[%emt 0:00:09]} 7. c3 {[%emt 0:02:52]} d6 {[%emt 0:00:59]} 8. d4 {[%emt 0:00:33]} Bb6 {[%emt 0:00:07]} 9. a4 {[%emt 0:00:31]} Bb7 {[%emt 0:00:32]} 10. Bg5 {[%emt 0:17:07]} h6 {[%emt 0:00:19]} 11. Bh4 {[%emt 0:02:10]} g5 {[%emt 0:00:15]} 12. Bg3 {[%emt 0:01:47]} Nxe4 {[%emt 0:00:05]} 13. Nbd2 {[%emt 0:08:25]} Nxd2 {[%emt 0:10:55]} 14. Nxd2 {[%emt 0:01:14]} Qf6 {[%emt 0:03:59]} 15. axb5 {[%emt 0:05:20]} axb5 {[%emt 0:00:06]} 16. Rxa8+ {[%emt 0:00:14]} Bxa8 {[%emt 0:00:02]} 17. Ne4 {[%emt 0:01:10]} Qg6 {[%emt 0:04:26]} 18. Bd5 {[%emt 0:27:10]} f5 {[%emt 0:03:04]} 19. dxe5 {[%emt 0:01:24]} dxe5 {[%emt 0:04:13]} 20. c4 {[%emt 0:09:05]} Ke7 {[%emt 0:06:21]} 21. c5 {[%emt 0:06:55]} Ba5 {[%emt 0:00:55]} 22. Qa1 {[%emt 0:07:41]} Rd8 {[%emt 0:17:21]} 23. Bxc6 {[%emt 0:00:37]} Qxc6 {[%emt 0:00:09]} 24. Qxa5 {[%emt 0:00:04]} Rd7 {[%emt 0:01:06]} 25. Re1 {[%emt 0:00:49]} fxe4 {[%emt 0:00:04]} 26. Qc3 {[%emt 0:00:06]} Rd5 {[%emt 0:08:31]} 27. b4 {[%emt 0:00:06]} Qe6 {[%emt 0:03:36]} 28. h3 {[%emt 0:00:01]} Rd4 {[%emt 0:02:10]} 29. Qa1 {[%emt 0:01:10]} Bc6 {[%emt 0:03:07]} 30. f3 {[%emt 0:01:32]} Kd7 {[%emt 0:02:36]} 31. Bf2 {[%emt 0:01:09]} Rd3 {[%emt 0:05:52]} 32. fxe4 {[%emt 0:00:13]} h5 {[%emt 0:00:06]} 33. Qb1 {[%emt 0:01:07]} Qb3 {[%emt 0:02:08]} 34. Qc1 {[%emt 0:00:01]} g4 {[%emt 0:00:08]} 35. hxg4 {[%emt 0:00:20]} hxg4 {[%emt 0:00:04]} 36. Qg5 {[%emt 0:01:34]} g3 {[%emt 0:01:08]} 37. Be3 {[%emt 0:01:31]} Kc8 {[%emt 0:00:36]} 38. Qxg3 {[%emt 0:00:33]} Qxb4 {[%emt 0:00:56]} 39. Qg8+ {[%emt 0:01:31]} Kb7 {[%emt 0:00:03]} 40. Bf2 {[%emt 0:00:47]} Qa4 {[%emt 0:04:13]} 41. Kh2 {[%emt 0:05:54]} Rd2 {[%emt 0:02:02]} 42. Qg3 {[%emt 0:07:28]} Qc2 {[%emt 0:00:46]} 43. Be3 {[%emt 0:12:35]} Re2 {[%emt 0:02:15]} 44. Qxe5 {[%emt 0:05:39]} Rxg2+ {[%emt 0:00:13]} 45. Kh3 {[%emt 0:00:11]} Rg8 {[%emt 0:00:57]} 46. Bg5 {[%emt 0:02:55]} Qf2 {[%emt 0:00:05]} 47. Ra1 {[%emt 0:00:53]} Bd7+ 0-1

[Event "FIDE Womens World Cup 2021"]
[Site "Sochi"]
[Date "2021.07.27"]
[Round "5.3"]
[White "Muzychuk, Anna"]
[Black "Dzagnidze, Nana"]
[Result "1-0"]
[WhiteElo "2527"]
[BlackElo "2523"]
[Annotator "ChessBase"]
[PlyCount "73"]
[EventDate "2021.07.12"]
[EventType "k.o."]
[EventCountry "RUS"]
[SourceTitle "playchess.com"]
[Source "ChessBase"]
[SourceQuality "1"]
[TimeControl "1500+10"]

1. e4 {[%emt 0:00:02]} c5 {[%emt 0:00:02]} 2. Nf3 {[%emt 0:00:03]} d6 {[%emt 0:00:03]} 3. d4 {[%emt 0:00:03]} cxd4 {[%emt 0:00:02]} 4. Nxd4 {[%emt 0:00:02]} Nf6 {[%emt 0:00:02]} 5. Nc3 {[%emt 0:00:03]} a6 {[%emt 0:00:02]} 6. Bg5 {[%emt 0:00:04]} Nbd7 {[%emt 0:00:04]} 7. Bc4 {[%emt 0:00:28]} g6 {[%emt 0:04:05]} 8. Qe2 {[%emt 0:02:07]} Bg7 {[%emt 0:00:30]} 9. O-O-O {[%emt 0:02:47]} O-O {[%emt 0:01:11]} 10. f4 {[%emt 0:01:58]} Qc7 {[%emt 0:03:39]} 11. f5 {[%emt 0:05:41]} b5 {[%emt 0:01:24]} 12. Bb3 {[%emt 0:01:35]} Bb7 {[%emt 0:00:11]} 13. h4 {[%emt 0:03:33]} Nc5 {[%emt 0:06:23]} 14. h5 {[%emt 0:04:49]} Nxb3+ {[%emt 0:00:04]} 15. axb3 {[%emt 0:00:06]} Qc5 {[%emt 0:02:33]} 16. hxg6 {[%emt 0:00:27]} hxg6 {[%emt 0:00:02]} 17. Qf3 {[%emt 0:02:10]} Rfc8 {[%emt 0:03:44]} 18. Qh3 {[%emt 0:01:19]} Qe5 {[%emt 0:00:22]} 19. Bxf6 {[%emt 0:00:28]} Qxf6 {[%emt 0:00:13]} 20. fxg6 {[%emt 0:00:14]} Qxg6 {[%emt 0:01:25]} 21. Nf5 {[%emt 0:00:01]} Qg5+ {[%emt 0:01:10]} 22. Kb1 {[%emt 0:00:01]} Rxc3 {[%emt 0:00:02]} 23. bxc3 Bxe4 {[%emt 0:00:02]} 24. Nxg7 {[%emt 0:00:45]} Qxg7 {[%emt 0:01:32]} 25. Rde1 {[%emt 0:00:09]} d5 {[%emt 0:00:08]} 26. Re3 {[%emt 0:00:08]} e6 {[%emt 0:00:12]} 27. Rg3 {[%emt 0:00:06]} Bg6 {[%emt 0:00:03]} 28. Re1 {[%emt 0:00:12]} Re8 {[%emt 0:00:17]} 29. Qh4 {[%emt 0:00:07]} a5 {[%emt 0:00:09]} 30. Rf1 {[%emt 0:00:21]} a4 {[%emt 0:00:10]} 31. Kb2 {[%emt 0:00:09]} Rc8 {[%emt 0:00:18]} 32. Rf6 {[%emt 0:00:12]} axb3 {[%emt 0:00:09]} 33. cxb3 {[%emt 0:00:02]} b4 {[%emt 0:00:01]} 34. cxb4 {[%emt 0:00:08]} Rc2+ {[%emt 0:00:04]} 35. Ka3 {[%emt 0:00:00]} Re2 {[%emt 0:00:29]} 36. Rfxg6 {[%emt 0:00:19]} fxg6 {[%emt 0:00:07]} 37. Qd8+ {[%emt 0:00:00]} 1-0

[Event "FIDE Womens World Cup 2021"]
[Site "Sochi"]
[Date "2021.07.27"]
[Round "5.4"]
[White "Dzagnidze, Nana"]
[Black "Muzychuk, Anna"]
[Result "0-1"]
[WhiteElo "2523"]
[BlackElo "2527"]
[Annotator "ChessBase"]
[PlyCount "74"]
[EventDate "2021.07.12"]
[EventType "k.o."]
[EventCountry "RUS"]
[SourceTitle "playchess.com"]
[Source "ChessBase"]
[SourceQuality "1"]
[TimeControl "1500+10"]

1. Nf3 {[%emt 0:00:04]} c5 {[%emt 0:00:02]} 2. c4 {[%emt 0:00:05]} Nf6 {[%emt 0:00:07]} 3. b3 {[%emt 0:00:18]} d5 {[%emt 0:01:38]} 4. cxd5 {[%emt 0:00:05]} Nxd5 {[%emt 0:00:02]} 5. Bb2 {[%emt 0:00:06]} Nc6 {[%emt 0:00:06]} 6. g3 {[%emt 0:00:06]} f6 {[%emt 0:00:21]} 7. a3 {[%emt 0:03:57]} e5 {[%emt 0:00:14]} 8. e4 {[%emt 0:00:21]} Nc7 {[%emt 0:01:30]} 9. Nh4 {[%emt 0:01:19]} Be6 {[%emt 0:02:26]} 10. Nc3 {[%emt 0:00:40]} Na5 {[%emt 0:07:43]} 11. b4 {[%emt 0:00:14]} Nb3 {[%emt 0:00:18]} 12. Rb1 {[%emt 0:00:02]} Qd7 {[%emt 0:02:49]} 13. Bc1 {[%emt 0:08:17]} Nxc1 {[%emt 0:02:39]} 14. Qxc1 {[%emt 0:00:15]} cxb4 {[%emt 0:00:18]} 15. axb4 {[%emt 0:00:03]} Be7 {[%emt 0:00:15]} 16. Be2 {[%emt 0:00:13]} Bh3 {[%emt 0:02:03]} 17. Bf1 {[%emt 0:02:16]} Be6 {[%emt 0:00:19]} 18. Ng2 {[%emt 0:01:58]} O-O {[%emt 0:00:42]} 19. Ne3 {[%emt 0:00:01]} Rfd8 {[%emt 0:00:17]} 20. Be2 {[%emt 0:00:43]} Bh3 {[%emt 0:00:30]} 21. f3 {[%emt 0:01:56]} Be6 {[%emt 0:01:27]} 22. Rb2 {[%emt 0:01:11]} a5 {[%emt 0:00:05]} 23. bxa5 {[%emt 0:00:03]} Ba3 {[%emt 0:00:14]} 24. Nc4 {[%emt 0:00:37]} Bxb2 {[%emt 0:00:14]} 25. Qxb2 {[%emt 0:00:01]} Bxc4 {[%emt 0:01:25]} 26. Bxc4+ {[%emt 0:00:01]} Kh8 {[%emt 0:00:00]} 27. d3 {[%emt 0:02:16]} Rxa5 {[%emt 0:00:11]} 28. Qxb7 {[%emt 0:00:02]} Ra1+ {[%emt 0:00:29]} 29. Nd1 {[%emt 0:00:02]} Qd4 {[%emt 0:00:44]} 30. Ke2 {[%emt 0:00:29]} Ne6 {[%emt 0:00:13]} 31. Re1 {[%emt 0:01:39]} Nc5 {[%emt 0:00:07]} 32. Qb6 {[%emt 0:00:21]} Nxd3 {[%emt 0:00:32]} 33. Qxd4 {[%emt 0:00:10]} Nc1+ {[%emt 0:00:13]} 34. Kf1 {[%emt 0:00:31]} Rxd4 {[%emt 0:00:01]} 35. Ne3 {[%emt 0:00:05]} Nb3 {[%emt 0:00:21]} 36. Rxa1 {[%emt 0:00:28]} Nxa1 {[%emt 0:00:01]} 37. Ke2 {[%emt 0:00:04]} Nc2 {[%emt 0:00:04]} 0-1

[Event "FIDE Womens World Cup 2021"]
[Site "Sochi"]
[Date "2021.07.29"]
[Round "6.1"]
[White "Muzychuk, Anna"]
[Black "Goryachkina, Aleksandra"]
[Result "1/2-1/2"]
[WhiteElo "2527"]
[BlackElo "2596"]
[Annotator "ChessBase"]
[PlyCount "91"]
[EventDate "2021.07.12"]
[EventType "k.o."]
[EventCountry "RUS"]
[SourceTitle "playchess.com"]
[Source "ChessBase"]
[SourceQuality "1"]
[TimeControl "40/5400+30:1800+30"]

1. e4 {[%emt 0:00:03]} e5 {[%emt 0:00:17]} 2. Nf3 {[%emt 0:00:13]} Nc6 {[%emt 0:00:22]} 3. Bb5 {[%emt 0:00:08]} Nf6 {[%emt 0:00:18]} 4. d3 {[%emt 0:00:19]} Bc5 {[%emt 0:01:00]} 5. c3 {[%emt 0:00:15]} d5 {[%emt 0:02:05]} 6. exd5 {[%emt 0:00:23]} Qxd5 {[%emt 0:00:12]} 7. Bc4 {[%emt 0:00:28]} Qd6 {[%emt 0:00:59]} 8. b4 {[%emt 0:00:46]} Bb6 {[%emt 0:00:49]} 9. Nbd2 {[%emt 0:00:30]} O-O {[%emt 0:02:59]} 10. O-O {[%emt 0:02:02]} Bg4 {[%emt 0:14:18]} 11. a4 {[%emt 0:06:03]} a5 {[%emt 0:06:56]} 12. b5 {[%emt 0:00:51]} e4 {[%emt 0:06:47]} 13. Nxe4 {[%emt 0:18:38]} Nxe4 {[%emt 0:02:53]} 14. dxe4 {[%emt 0:02:07]} Bxf3 {[%emt 0:04:33]} 15. Qxd6 {[%emt 0:05:01]} cxd6 {[%emt 0:00:02]} 16. gxf3 {[%emt 0:16:01]} Ne5 {[%emt 0:01:57]} 17. Bd5 {[%emt 0:00:46]} Rac8 {[%emt 0:03:58]} 18. f4 {[%emt 0:09:28]} Nd3 {[%emt 0:02:14]} 19. Bxb7 {[%emt 0:08:53]} Rxc3 {[%emt 0:00:14]} 20. Bd2 {[%emt 0:00:54]} Rc2 {[%emt 0:07:09]} 21. Be3 {[%emt 0:00:11]} Bxe3 {[%emt 0:10:20]} 22. fxe3 {[%emt 0:00:03]} Rb8 {[%emt 0:02:09]} 23. Bc6 {[%emt 0:12:22]} Kf8 {[%emt 0:05:20]} 24. Rfd1 {[%emt 0:02:16]} Rc3 {[%emt 0:04:53]} 25. Bd5 {[%emt 0:07:17]} Ke7 {[%emt 0:03:00]} 26. Rd2 {[%emt 0:02:09]} Nb4 {[%emt 0:04:49]} 27. Kf2 {[%emt 0:00:25]} Rbc8 {[%emt 0:00:20]} 28. Rb1 {[%emt 0:02:04]} Ra3 {[%emt 0:01:35]} 29. b6 {[%emt 0:00:20]} Rxa4 {[%emt 0:03:00]} 30. b7 {[%emt 0:00:10]} Rb8 {[%emt 0:00:28]} 31. Rd4 {[%emt 0:01:14]} Nxd5 {[%emt 0:02:40]} 32. Rxd5 {[%emt 0:00:42]} Rxe4 {[%emt 0:00:39]} 33. Rxa5 {[%emt 0:00:57]} Kd7 {[%emt 0:00:14]} 34. Rf5 {[%emt 0:01:49]} f6 {[%emt 0:01:17]} 35. Rfb5 {[%emt 0:00:28]} Kc7 {[%emt 0:02:20]} 36. Rc1+ {[%emt 0:00:50]} Kd7 {[%emt 0:00:06]} 37. h4 {[%emt 0:00:35]} g6 {[%emt 0:01:40]} 38. Rb6 {[%emt 0:00:43]} f5 {[%emt 0:01:46]} 39. h5 {[%emt 0:00:45]} Re7 {[%emt 0:02:10]} 40. hxg6 {[%emt 0:00:38]} hxg6 {[%emt 0:00:17]} 41. Rc8 {[%emt 0:05:14]} Re8 {[%emt 0:09:59]} 42. Rxe8 {[%emt 0:01:23]} Kxe8 {[%emt 0:00:05]} 43. Kg3 {[%emt 0:01:38]} Ke7 {[%emt 0:00:36]} 44. Rb1 {[%emt 0:01:19]} Ke6 {[%emt 0:00:31]} 45. Kf3 {[%emt 0:03:52]} Kd7 {[%emt 0:03:16]} 46. Kg3 {[%emt 0:03:59]} 1/2-1/2

[Event "FIDE Womens World Cup 2021"]
[Site "Sochi"]
[Date "2021.07.29"]
[Round "6.1"]
[White "Tan, Zhongyi"]
[Black "Kosteniuk, Alexandra"]
[Result "1/2-1/2"]
[WhiteElo "2511"]
[BlackElo "2472"]
[Annotator "ChessBase"]
[PlyCount "61"]
[EventDate "2021.07.12"]
[EventType "k.o."]
[EventCountry "RUS"]
[SourceTitle "playchess.com"]
[Source "ChessBase"]
[SourceQuality "1"]
[TimeControl "40/5400+30:1800+30"]

1. d4 {[%emt 0:00:04]} Nf6 {[%emt 0:00:05]} 2. g3 {[%emt 0:00:05]} d5 {[%emt 0:01:10]} 3. Nf3 {[%emt 0:00:15]} Bg4 {[%emt 0:03:58]} 4. Bg2 {[%emt 0:00:07]} e6 {[%emt 0:02:02]} 5. c4 {[%emt 0:00:13]} c6 {[%emt 0:01:56]} 6. Qb3 {[%emt 0:00:17]} Qb6 {[%emt 0:01:20]} 7. c5 {[%emt 0:01:16]} Qxb3 {[%emt 0:05:03]} 8. axb3 {[%emt 0:00:05]} Bxf3 {[%emt 0:03:39]} 9. exf3 {[%emt 0:06:29]} g6 {[%emt 0:06:24]} 10. b4 {[%emt 0:01:52]} Na6 {[%emt 0:04:50]} 11. Bf1 {[%emt 0:07:43]} Nc7 {[%emt 0:10:07]} 12. Bf4 {[%emt 0:00:17]} Kd7 {[%emt 0:00:37]} 13. Nc3 {[%emt 0:01:21]} Nh5 {[%emt 0:04:27]} 14. Be3 {[%emt 0:02:19]} b5 {[%emt 0:11:03]} 15. Be2 {[%emt 0:04:30]} Be7 {[%emt 0:00:13]} 16. Kd2 {[%emt 0:06:54]} a6 {[%emt 0:01:23]} 17. h4 {[%emt 0:04:30]} Ng7 {[%emt 0:00:47]} 18. Bg5 {[%emt 0:18:14]} f6 {[%emt 0:09:14]} 19. Be3 {[%emt 0:00:05]} e5 {[%emt 0:00:55]} 20. Bf1 {[%emt 0:00:16]} Nce6 {[%emt 0:01:51]} 21. Ne2 {[%emt 0:02:44]} Nf5 {[%emt 0:07:11]} 22. Bh3 {[%emt 0:00:19]} h5 {[%emt 0:02:50]} 23. Kc3 {[%emt 0:07:42]} Kc7 {[%emt 0:02:29]} 24. Rhe1 {[%emt 0:01:23]} Kb7 {[%emt 0:00:27]} 25. Bxf5 {[%emt 0:06:27]} gxf5 {[%emt 0:00:02]} 26. Nc1 {[%emt 0:00:21]} Bd8 {[%emt 0:01:02]} 27. Nb3 {[%emt 0:01:09]} Bc7 {[%emt 0:01:28]} 28. f4 {[%emt 0:07:29]} e4 {[%emt 0:01:15]} 29. Kc2 {[%emt 0:04:45]} Rhg8 {[%emt 0:00:34]} 30. Bd2 {[%emt 0:00:21]} Nd8 {[%emt 0:02:13]} 31. Bc3 {[%emt 0:02:40]} 1/2-1/2

[Event "FIDE Womens World Cup 2021"]
[Site "Sochi"]
[Date "2021.07.30"]
[Round "6.2"]
[White "Goryachkina, Aleksandra"]
[Black "Muzychuk, Anna"]
[Result "1-0"]
[WhiteElo "2596"]
[BlackElo "2527"]
[Annotator "TA"]
[PlyCount "85"]
[EventDate "2021.07.12"]
[EventType "k.o."]
[EventCountry "RUS"]
[SourceTitle "playchess.com"]
[Source "ChessBase"]
[SourceQuality "1"]

{[%evp 24,85,40,43,41,33,43,14,16,18,15,14,73,66,142,145,141,141,173,8,9,8,67,69,138,68,72,45,44,52,49,54,104,94,95,93,83,83,222,206,220,224,204,212,195,176,206,186,179,179,352,348,380,251,369,191,463,437,425,399,543,539,493,487]} 1. d4 Nf6 2. c4 g6 3. Nc3 d5 4. cxd5 Nxd5 5. e4 Nxc3 6. bxc3 Bg7 7. Bc4 c5 8. Ne2 cxd4 9. cxd4 Nc6 10. Be3 Qa5+ 11. Bd2 Qa3 12. Rb1 O-O 13. O-O {Hoping for d5.} Bg4 {D86: Exchange Grünfeld: Classical Line (7 Bc4).} 14. f3 ({Reject} 14. Rxb7 Nxd4 15. Be3 Rfd8 $1 $17) 14... Be6 {[#]} 15. Bc1 $1 Qa5 {The position is equal.} 16. Bxe6 fxe6 {[#]} 17. a4 $146 ({Predecessor:} 17. Rxb7 Rfd8 18. Be3 Qxa2 19. f4 Qa6 20. Rb1 Nxd4 21. Nxd4 Bxd4 22. Bxd4 Qc4 23. Qf3 Qxd4+ {0-1 (29) Griesbach,R-Masarbekov,G ICCF corr 1997}) 17... Nxd4 18. Nxd4 $16 Rfd8 (18... Rad8 $14) 19. Be3 ({Don't play} 19. Rxb7 $6 Bxd4+ 20. Kh1 Qa6 $11) 19... Qc3 {[#]} 20. Rb3 $1 Qc4 {[%cal Rg7d4]} (20... Rxd4 21. Bxd4) 21. Rxb7 $2 (21. e5 $1 $18) 21... Bxd4 $11 22. Bxd4 Rxd4 (22... Kf7 $1 $11) 23. Qc1 $14 Qe2 {[#]} (23... Qxa4 $14 24. Rxe7 Re8 25. Rxe8+ Qxe8) 24. Re1 ({White should play} 24. Qg5 $1 $16 {[%cal Rg5e7]} Rd1 25. Rxd1 Qxd1+ 26. Kf2 Qd4+ 27. Kg3) 24... Rc4 25. Rxe2 (25. Qd1 {looks sharper.} Qa2 26. Rxe7 Rc2 27. Kh1 Rxg2 28. Qd6) 25... Rxc1+ $16 {[%mdl 4096] Endgame KRR-KRR} 26. Kf2 Kf7 27. Rd2 a5 28. Rdd7 Re8 {[#]} 29. Ra7 $1 Rc2+ 30. Kg3 Rc5 {This costs Black the game.} (30... g5 $16 {was worth a try.}) 31. Rdc7 Rxc7 32. Rxc7 $18 {KR-KR} Ra8 33. Rc5 h6 34. Kf4 g5+ 35. Kg4 Kf6 36. h4 e5 $2 (36... gxh4 {was called for.} 37. Kxh4 Kg6) 37. Rc6+ e6 38. h5 Rb8 (38... Ra7 $142 39. Kg3 Ke7) 39. Rc5 Ra8 $2 (39... Rb7 40. Kg3 (40. Rxa5 Ra7 $14) 40... Ra7) 40. Kg3 Ra7 41. Rb5 Ra8 42. Rb7 g4 43. Kxg4 {Weighted Error Value: White=0.14/Black=0.47} 1-0

[Event "FIDE Womens World Cup 2021"]
[Site "Sochi"]
[Date "2021.07.30"]
[Round "6.2"]
[White "Kosteniuk, Alexandra"]
[Black "Tan, Zhongyi"]
[Result "1-0"]
[WhiteElo "2472"]
[BlackElo "2511"]
[Annotator "ChessBase"]
[PlyCount "75"]
[EventDate "2021.07.12"]
[EventType "k.o."]
[EventCountry "RUS"]
[SourceTitle "playchess.com"]
[Source "ChessBase"]
[SourceQuality "1"]
[TimeControl "40/5400+30:1800+30"]

1. e4 {[%emt 0:00:04]} e5 {[%emt 0:00:05]} 2. Nf3 {[%emt 0:00:07]} Nf6 {[%emt 0:00:09]} 3. Nxe5 {[%emt 0:00:16]} d6 {[%emt 0:00:07]} 4. Nf3 {[%emt 0:00:04]} Nxe4 {[%emt 0:00:06]} 5. c4 {[%emt 0:00:21]} Nc6 {[%emt 0:04:25]} 6. d3 {[%emt 0:00:17]} Nf6 {[%emt 0:00:59]} 7. d4 {[%emt 0:00:05]} Be7 {[%emt 0:01:43]} 8. d5 {[%emt 0:00:33]} Ne5 {[%emt 0:00:31]} 9. Be2 {[%emt 0:00:19]} Nxf3+ {[%emt 0:07:20]} 10. Bxf3 {[%emt 0:00:06]} h5 {[%emt 0:00:30]} 11. h3 {[%emt 0:01:16]} Bf5 {[%emt 0:00:13]} 12. Nc3 {[%emt 0:01:25]} Qd7 {[%emt 0:00:26]} 13. Be3 {[%emt 0:02:48]} a6 {[%emt 0:01:31]} 14. a4 {[%emt 0:03:42]} c5 {[%emt 0:08:24]} 15. dxc6 {[%emt 0:02:29]} bxc6 {[%emt 0:00:05]} 16. a5 {[%emt 0:00:26]} Rb8 {[%emt 0:07:33]} 17. O-O {[%emt 0:08:15]} O-O {[%emt 0:06:24]} 18. Na4 {[%emt 0:02:03]} d5 {[%emt 0:02:12]} 19. Nb6 {[%emt 0:05:24]} Qd6 {[%emt 0:00:16]} 20. Rc1 {[%emt 0:11:49]} Qb4 {[%emt 0:14:36]} 21. Bd4 {[%emt 0:11:00]} dxc4 {[%emt 0:03:01]} 22. Re1 {[%emt 0:10:01]} Be6 {[%emt 0:10:57]} 23. Rxe6 {[%emt 0:11:08]} fxe6 {[%emt 0:00:06]} 24. Qe2 {[%emt 0:00:06]} Rf7 {[%emt 0:03:51]} 25. Nxc4 {[%emt 0:01:42]} Nd5 {[%emt 0:01:56]} 26. Bxh5 {[%emt 0:00:34]} Rbf8 {[%emt 0:03:49]} 27. Qxe6 {[%emt 0:02:49]} Nf4 {[%emt 0:00:26]} 28. Bxf7+ {[%emt 0:00:04]} Rxf7 {[%emt 0:00:04]} 29. Qg4 {[%emt 0:04:54]} Bc5 {[%emt 0:01:34]} 30. Be3 {[%emt 0:04:44]} Bxe3 {[%emt 0:09:36]} 31. fxe3 {[%emt 0:01:12]} Qc5 {[%emt 0:02:33]} 32. b4 {[%emt 0:01:27]} Qa7 {[%emt 0:00:04]} 33. Rf1 {[%emt 0:07:16]} Nd3 {[%emt 0:00:40]} 34. Rd1 {[%emt 0:01:54]} Ne5 {[%emt 0:06:25]} 35. Rd8+ {[%emt 0:02:49]} Rf8 {[%emt 0:00:05]} 36. Rxf8+ {[%emt 0:01:22]} Kxf8 {[%emt 0:00:06]} 37. Qf4+ {[%emt 0:00:12]} Nf7 {[%emt 0:00:13]} 38. Ne5 {[%emt 0:00:19]} 1-0